Statistics for Capitals of the World - Seven Minute Run

Click here to take the quiz!

General Stats

  • This quiz has been taken 1,581 times
  • The average score is 144 of 196

Answer Stats

capital% Correct
Oslo
97%
London
96%
Dublin
95%
Moscow
93%
Berlin
92%
Bern
92%
Budapest
92%
Lisbon
92%
Washington
92%
Madrid
91%
Paris
91%
Athens
90%
Copenhagen
90%
Helsinki
90%
Stockholm
90%
Mexico City
89%
Rome
89%
Bucharest
88%
Vienna
88%
Amsterdam
87%
Brasília
87%
Ottawa
87%
Brussels
86%
Riga
86%
Vatican City
86%
Bogotá
85%
Buenos Aires
85%
Caracas
85%
Reykjavik
85%
Vaduz
85%
Warsaw
85%
Beijing
84%
Cairo
84%
Canberra
84%
Lima
84%
Wellington
84%
Luxembourg
83%
San Marino
83%
Tokyo
83%
Monaco
82%
New Delhi
82%
Sofia
82%
Vilnius
82%
Quito
81%
Tehran
81%
Andorra la Vella
80%
Bangkok
80%
Belgrade
80%
Kingston
80%
Ljubljana
80%
Minsk
80%
Santiago
80%
Tallinn
80%
Valletta
80%
Dhaka
79%
Panama City
79%
Riyadh
79%
Zagreb
79%
Abu Dhabi
78%
Algiers
78%
Amman
78%
Asunción
78%
Bratislava
78%
Hanoi
78%
Jerusalem
78%
Kiev
78%
Podgorica
78%
Prague
78%
Seoul
78%
Tirana
78%
Tunis
78%
Baghdad
77%
Georgetown
77%
Manila
77%
Montevideo
77%
Skopje
77%
Astana
76%
Cape Town
76%
Havana
76%
Islamabad
76%
Kabul
76%
Addis Ababa
75%
Ankara
75%
Beirut
75%
Chișinău
75%
Dakar
75%
Doha
75%
Guatemala City
75%
La Paz
75%
Port-au-Prince
75%
Pristina
75%
Pyongyang
75%
Sarajevo
75%
Kathmandu
74%
Rabat
74%
Sana'a
74%
San José
74%
Apia
73%
Baku
73%
Dili
73%
Jakarta
73%
Kingstown
73%
Kuala Lumpur
73%
Muscat
73%
Port Moresby
73%
Port Vila
73%
Singapore
73%
Tripoli
73%
Taipei
72%
Damascus
71%
Lomé
71%
Malé
71%
Nassau
71%
Nicosia
71%
Yerevan
71%
Funafuti
70%
Khartoum
70%
Suva
70%
Ulaanbaatar
70%
Asmara
69%
Kinshasa
69%
Phnom Penh
69%
Port-of-Spain
69%
Tashkent
69%
Accra
68%
Bishkek
68%
Dodoma
68%
Honiara
68%
Saint John's
68%
San Salvador
68%
Tbilisi
68%
Vientiane
68%
Yaren
68%
Abuja
67%
Bridgetown
67%
Dushanbe
67%
Kuwait City
67%
Manama
67%
Nairobi
67%
Paramaribo
67%
São Tomé
67%
Belmopan
66%
Juba
66%
Roseau
66%
Saint George's
66%
Ashgabat
65%
Bangui
65%
Banjul
65%
Basseterre
65%
Castries
65%
Luanda
65%
Lusaka
65%
Port Louis
65%
Bamako
64%
Djibouti
64%
Kigali
64%
Majuro
64%
Mogadishu
64%
South Tarawa
64%
Harare
63%
Managua
63%
Maseru
63%
Palikir
63%
Santo Domingo
63%
Tegucigalpa
63%
Windhoek
63%
Yaoundé
63%
Kampala
62%
Thimphu
62%
Bissau
61%
Freetown
61%
Maputo
61%
Moroni
61%
Naypyidaw
61%
Nuku'alofa
61%
Porto-Novo
61%
Praia
61%
Victoria
61%
Bandar Seri
Begawan
59%
Brazzaville
59%
Colombo
59%
Libreville
59%
Mbabane
59%
Ngerulmud
59%
Niamey
59%
Antananarivo
58%
Conakry
58%
Gaborone
58%
N'Djamena
58%
Ouagadougou
58%
Lilongwe
57%
Monrovia
56%
Nouakchott
56%
Malabo
54%
Gitega
53%
Yamoussoukro
51%

Score Distribution

Percentile by Number Answered

Percent of People with Each Score

Your Score History

You have not taken this quiz